000 00313nam a22001337a 4500
008 181106b xxu||||| |||| 00| 0 eng d
020 _a9780262025799
041 _aeng
080 _a159.9
100 _a49
101 _aPSI
245 _aAdapting Minds Evolutionary Psychology
_cBuller.D.J
942 _2udc
_cBK
999 _c51964
_d51964